Hauptstädte und größte Städte (Baden-Württemberg) - Statistiken

Allgemein
  • Dieses Quiz wurde 56 mal gespielt
  • Das Durchschnittsergebnis liegt bei 49 aus 104
Antwortstatistiken
Antwort % Korrekt
Stuttgart
100%
Stuttgart
98%
Freiburg im Breisgau
93%
Freiburg im Breisgau
91%
Lörrach
89%
Lörrach
89%
Konstanz
82%
Konstanz
82%
Rottweil
75%
Rottweil
73%
Tuttlingen
73%
Tuttlingen
73%
Karlsruhe
66%
Calw
61%
Emmendingen
61%
Emmendingen
61%
Esslingen am Neckar
61%
Göppingen
61%
Göppingen
61%
Heilbronn
61%
Karlsruhe
61%
Ludwigsburg
61%
Böblingen
59%
Calw
59%
Esslingen am Neckar
59%
Freudenstadt
59%
Heidenheim an der Brenz
59%
Heidenheim an der Brenz
59%
Heilbronn
59%
Ludwigsburg
59%
Rastatt
59%
Rastatt
59%
Schwäbisch Hall
59%
Schwäbisch Hall
59%
Stuttgart
59%
Stuttgart
59%
Stuttgart
59%
Stuttgart
59%
Tübingen
59%
Heilbronn
57%
Waldshut-Tiengen
52%
Waldshut-Tiengen
52%
Konstanz
50%
Ravensburg
50%
Ravensburg
50%
Mannheim
48%
Reutlingen
48%
Reutlingen
48%
Sigmaringen
48%
Sigmaringen
48%
Tübingen
48%
Tübingen
48%
Biberach an der Riß
43%
Biberach an der Riß
43%
Freiburg im Breisgau
43%
Mannheim
43%
Mannheim
43%
Aalen
41%
Aalen
41%
Aalen
41%
Sindelfingen
41%
Friedrichshafen
39%
Offenburg
39%
Offenburg
39%
Waiblingen
39%
Waiblingen
39%
Friedrichshafen
36%
Heidelberg
36%
Villingen-Schwenningen
36%
Villingen-Schwenningen
36%
Bruchsal
34%
Pforzheim
34%
Pforzheim
34%
Ulm
34%
Tauberbischofsheim
32%
Künzelsau
30%
Neckarsulm
30%
Ravensburg
30%
Villingen-Schwenningen
30%
Villingen-Schwenningen
30%
Freiburg im Breisgau
27%
Freiburg im Breisgau
27%
Friedrichshafen
27%
Karlsruhe
27%
Karlsruhe
27%
Schwäbisch Gmünd
27%
Horb am Neckar
25%
Mosbach
25%
Mosbach
25%
Mühlacker
25%
Pforzheim
25%
Ulm
25%
Ulm
25%
Bad Mergentheim
23%
Balingen
23%
Öhringen
23%
Reutlingen
23%
Weinheim
23%
Albstadt
20%
Ulm
20%
Ehingen (Donau)
16%
Waldshut-Tiengen
16%
Bad Krozingen
9%
Mössingen
5%
Keine übereinstimmenden Quizze gefunden
Verteilung der Resultate
Anzahl Personen mit jedem Resultat
Perzentil nach korrekt beantworteten Fragen
Ihre Resultats-Entwicklung
Sie haben dieses Quiz noch nicht gespielt